| 000 | 01181nam a22002657a 4500 | ||
|---|---|---|---|
| 001 | 4140 | ||
| 003 | FISKH | ||
| 005 | 20240611142802.0 | ||
| 008 | 240611b cb ||||| |||| 00| 0 eng d | ||
| 020 | _a9781407157320 | ||
| 040 |
_aFISKH _beng _cFISKH _dFISKH |
||
| 050 | _aPZ7.S86037 | ||
| 082 | _a813.54 | ||
| 100 |
_aStine . L. R _d1943- |
||
| 245 |
_anight of the living dummy II / _cR. L. Stine |
||
| 260 |
_aNew York : _bScholastic, _c2015 |
||
| 300 |
_a119 pages : _c21 cm |
||
| 505 | _aH | ||
| 520 | _aAmy's ventriloquist dummy, Dennis, has lost his head...for real. So Amy begs her family for a new dummy. That's when her dad finds Slappy in a local pawnshop. Slappy's kind of ugly, but at least his head stays on!Amy loves practicing her new comedy routine. It's like this dummy knows what she's thinking. Like he can move by himself. And it's a lot of fun...until Slappy starts a routine of his own. A nasty, horrible routine that isn't funny at all.Slappy may have a new owner, but he's up to the same old tricks... | ||
| 521 | 8 |
_a470
_bLexile |
|
| 521 | 8 |
_aH
_bRaz-Plus |
|
| 700 | _aR. L. Stine | ||
| 942 |
_2ddc _cBK _n0 |
||
| 999 |
_c4140 _d4140 |
||